APPLE WORKS ADVANCED FEATURES & TECHNIQUES (Record no. 566928)

000 -LEADER
fixed length control field 00315nam a22001217a 4500
020 ## - INTERNATIONAL STANDARD BOOK NUMBER
International Standard Book Number 0-07-881246-1
082 ## - DEWEY DECIMAL CLASSIFICATION NUMBER
Classification number 005.1 CAM
100 ## - MAIN ENTRY--PERSONAL NAME
Personal name CAMPBELL MARY , CAMPBELL DAVID R
9 (RLIN) 56537
245 ## - TITLE STATEMENT
Title APPLE WORKS ADVANCED FEATURES & TECHNIQUES
260 ## - PUBLICATION, DISTRIBUTION, ETC.
Place of publication, distribution, etc. CALIFORNIA
Name of publisher, distributor, etc. MCGRAW HILL
Date of publication, distribution, etc. 1986
300 ## - PHYSICAL DESCRIPTION
Extent 435P
942 ## - ADDED ENTRY ELEMENTS (KOHA)
Koha item type Book
Holdings
Withdrawn status Lost status Damaged status Not for loan Permanent Location Current Location Shelving location Date acquired Total Checkouts Full call number Barcode Date last seen Price effective from Koha item type
        College of Electrical & Mechanical Engineering (CEME) College of Electrical & Mechanical Engineering (CEME) General Stacks 07/11/2017   005.1 CAM CEME-24748 06/28/2021 06/28/2021 Book
        College of Electrical & Mechanical Engineering (CEME) College of Electrical & Mechanical Engineering (CEME) General Stacks 07/11/2017   005.1 CAM CEME-24749 06/28/2021 06/28/2021 Book
© 2023 Central Library, National University of Sciences and Technology. All Rights Reserved.